| 000 | 00498nam a2200181Ia 4500 | ||
|---|---|---|---|
| 003 | GCL | ||
| 008 | 140319s9999 xx 000 0 ara d | ||
| 040 |
_aGCL / _cGCL |
||
| 082 | 0 | 4 |
_a252 _bم د |
| 100 | 1 | _aمحمد سيد طنطاوى | |
| 245 | 1 | 0 |
_aالدعاء / _cمحمد سيد طنطاوى |
| 260 |
_aالقاهرة : _bالزهراء للاعلام العربى ، _c1987 |
||
| 300 | _a184 ص | ||
| 490 | _a | ||
| 650 | 0 | 4 | _aعبادات |
| 650 | 0 | 4 | _aالادعية |
| 942 |
_2ddc _cBK |
||
| 999 |
_c51347 _d51347 |
||